National Anthem of Lithuania - Tautiška giesmė - Statistics

General Stats
  • This quiz has been taken 6 times
  • The average score is 33 of 50
Answer Stats
Lyrics % Correct
didvyrių
100%
Ir
100%
Ir
100%
ir
100%
Lietuva,
100%
Mūs
100%
mūsų,
100%
mūsų
100%
Tavo
100%
Tavo
100%
Tavo
100%
Te
100%
Tegul
100%
Tegul
100%
Tegul
100%
Tegul
100%
Tėvyne
100%
Tu
100%
vaikai
100%
žeme!
100%
dirba
75%
75%
naudai,
75%
praeities
75%
semia.
75%
stiprybę
75%
eina,
50%
gėrybei.
50%
Lietuvoj,
50%
Lietuvos,
50%
Lietuvos,
50%
saulė
50%
težydi!
50%
tos,
50%
Vardan
50%
Vien
50%
Vienybė
50%
žmonių
50%
Dega
25%
dorybės,
25%
meilė
25%
prašalina,
25%
širdyse,
25%
sūnūs
25%
šviesa,
25%
takais
25%
Tamsumas
25%
tiesa,
25%
telydi.
0%
žingsnius
0%
No matching quizzes found
Score Distribution
Percent of People with Each Score
Percentile by Number Answered
Your Score History
You have not taken this quiz